Geografía política y económica de la república argentina /

Guardado en:
Autor Principal: Negro, Juana Inés
Formato: Libro
Publicado: Buenos Aires : Kapelusz, 1882
Materias:
Etiquetas: Agregar Etiqueta
Sin Etiquetas, Sea el primero en etiquetar este registro!
LEADER 00932nam a22002415a 4500
001 CEM.cems004633
008 130507s1882##################000#0#####d
005 20241216114929.0
245 1 0 |a Geografía política y económica de la república argentina / 
260 |a Buenos Aires :  |b Kapelusz,  |c 1882 
300 |a 294 p. 
505 0 |a Anexo estadistico: Datos actualizados a 1985 
100 1 |a Negro, Juana Inés 
082 0 4 |a 330.982 
653 |a Argentina-poblamiento 
653 |a Demografia-argentina 
653 |a Division politica-argentina 
653 |a Geografia económica argentina 
653 |a Geografia politica argentina 
859 |a CEMS  |b BIB. CEMS - 11 de abril  |h 330.982  |i N312/5  |p 13442.85  |t Ej.3 
859 |a CEMS  |b BIB. CEMS - 11 de abril  |h 330.982  |i N312/5  |p 13444.85  |t Ej.5 
859 |a CEMS  |b BIB. CEMS - 11 de abril  |h 330.982  |i N312/5  |p 13445.85  |t Ej.6 
859 |a CEMS  |b BIB. CEMS - 11 de abril  |h 330.982  |i N312/5  |p 13446.85  |t Ej.7